| 000 | 01576nas a2200397 c 4500 | ||
|---|---|---|---|
| 001 | 25431 | ||
| 003 | ES-MaCES | ||
| 005 | 20250331104648.0 | ||
| 007 | cr ||||||||||| | ||
| 008 | 941216c1985 sp q| | |spa d | ||
| 022 | 1 | _a0213-2915 | |
| 035 |
_aCES19980004127p _z10422 |
||
| 040 |
_aES-MaCES _bspa _cES-MaCES |
||
| 245 | 0 | 0 | _aRevista de derecho agrario y alimentario |
| 260 |
_aMadrid (Ayala, 20, 28001) _bEDIASA |
||
| 300 |
_av. _c30 cm |
||
| 310 | _aTrimestral. Bianual a partir de 1995 | ||
| 500 | _aDescripción basada en: año 10, n. 23-24 (en.-jul. 1994) | ||
| 500 | _aEn las pág. editoriales: Revista trimestral de la Asociación Española de Derecho Agrario, de la Sección Española de la Asociación Europea para el Derecho Alimentario y de la Asociación Catalana de Derecho Agrario | ||
| 500 | _aTít. tomado de la cub | ||
| 541 | _cCompra | ||
| 650 | 4 |
_aEspaña _926964 |
|
| 650 | 4 |
_aderecho agrario _930781 |
|
| 650 | 4 |
_926752 _aUE |
|
| 653 | 1 | 0 | _aAgricultura-Ganadería |
| 710 | 2 |
_aAsociación Catalana de Derecho Agrario _91387 |
|
| 710 | 2 |
_aAsociación Europea para el Derecho Alimentario _bSección Española _91475 |
|
| 710 | 2 |
_aAsociación Española de Derecho Agrario _91447 |
|
| 853 | 2 | 1 |
_aaño _bn. _iaño _jmes _vc _wf |
| 856 |
_uhttp://www.aedda.es/revista.htm _ytexto completo desde n. 1 (1985), 3 años de carencia |
||
| 866 | 0 |
_a1994- _zUbicación: DEPÓSITO - 10422 |
|
| 905 |
_1Boletín C _fP _kSÍ _nRevisDeDerAgraAli _pA |
||
| 942 |
_2CES _cCR _h5.0. |
||
| 999 |
_c25431 _d25431 |
||